La investigacin̤ del delito en el derecho penal espaǫl, especial referencia a la teora̕ del caso

Detalles Bibliográficos
Autor principal: Piva Torres, Gianni Egidio
Otros Autores: Ruiz Carrero, Wilmer de Jess︢, Lattuf Rodriguez, Williams de Jesus
Formato: eBook
Lenguaje:español
Publicado: Barcelona: J.M. Bosch Editor, 2021
Materias:
Acceso en línea:Acceso restringido

MARC

LEADER 00000nam a22000007a 4500
005 2022051005515.0
007 cr|||| ||||
008 220510s2021 es |||||s|||| 00||0 spa d
020 |a 978-84-123503-3-3 
035 |a 35636 
040 |a vLex 
090 |c 13316  |d 13316 
100 1 |a Piva Torres, Gianni Egidio 
245 1 2 |a La investigacin̤ del delito en el derecho penal espaǫl, especial referencia a la teora̕ del caso  |h [Recurso electrn̤ico] /  |c Gianni Egidio Piva Torres, Wilmer de Jess︢ Ruiz Carrero, Williams de Jesus Lattuf Rodriguez 
256 |a Servicio en ln̕ea 
260 |a Barcelona:  |b J.M. Bosch Editor,  |c 2021 
300 |a 1 recurso electrn̤ico 
500 |a En Espaą, la investigacin̤ del delito, se rige por un sistema procesal acusatorio, en donde la Fiscala̕ ordena y dirige la investigacin̤ penal de la perpetracin̤ de los hechos punibles para hacer constar su comisin̤ con todas las circunstancias que puedan influir en la calificacin̤ y responsabilidad de los autores y dems̀ partc̕ipes, as ̕como el aseguramiento de los objetos activos y pasivos relacionados con la perpetracin̤, y corresponde al Sistema especializado integral de investigacin̤, de medicina legal y ciencias forenses, la prc̀tica de las diligencias de investigacin̤, tčnicas cientf̕icas conducentes a la determinacin̤ de los hechos punibles y a la identificacin̤ de los autores y partc̕ipes. En este sentido, la estructura y el contenido del presente libro, han sido diseądos con base a las necesidades y exigencia del sistema acusatorio, desarrollado fundamentalmente en la Constitucin̤ Espaǫla y la LEC; as,̕ el Reglamento del Sistema especializado integral de investigacin̤, de medicina legal y ciencias forenses, y el Manual de Cadena de Custodia, para el tratamiento de indicios materiales o evidencias fs̕icas. Al respecto, el presente libro, trata sobre la investigacin̤ penal, la metodologa̕ para la bs︢queda de la verdad, las entidades de investigacin̤ penal, el sistema acusatorio, fases de la investigacin̤, la inspeccin̤ en el lugar de los hechos, el tratamiento y la coleccin̤ de evidencias fs̕icas, la aplicacin̤ de la cadena de custodia, la pericia, las versiones, el allanamiento, las inspecciones y registros, la investigacin̤ criminals̕tica, el retrato hablado, el reconocimiento del procesado, la interceptacin̤ de grabacin̤ de comunicaciones privadas, la detencin̤ del investigado o procesado, la flagrancia, el acta de investigacin̤ penal. Tambiň, la declaracin̤ del procesado, la comprobacin̤ del hecho en casos especiales, la inspeccin̤ del cadv̀er, el levantamiento del cadv̀er, la autopsia, la exhumacin̤, la reconstruccin̤ de los hechos, los videos y fotografa̕s, las investigaciones informt̀icas, delitos informt̀icos, la informt̀ica forense, la evidencia digital, la pericia informt̀ica, las tčnicas especiales de investigacin̤, operaciones encubiertas, entregas vigiladas o controladas, la cooperacin̤ eficaz, el informante, delincuencia organizada transnacional, y el testigo protegido entre otros temas de interš. Por l︢timo, se trata en el libro, de todo lo relativo a la teora̕ del caso, sus elementos, sus caracters̕ticas y la aplicacin̤ de la teora̕ del caso durante las diferentes etapas que comprenden el proceso penal, el alegato de apertura; asimismo, se trata lo relacionado a la oratoria forense, una gran herramienta para que el abogado litigante se apoye en ella, en busca de su logro. 
506 1 |a Disponible solo en los productos indicados  |d vLex Global  |d vLex Global (Academic Edition, excluding Law Schools)  |d vLex Global (U.S. Academic Edition, Law Schools)  |d vLex Global (U.S. Academic Edition, excluding Law Schools)  |d vLex Global (Academic Edition, Law Schools) 
650 0 4 |a Derecho Penal  |z Espaą 
650 0 4 |a Procedimiento Penal  |z Espaą 
700 1 |a Ruiz Carrero, Wilmer de Jess︢ 
700 1 |a Lattuf Rodriguez, Williams de Jesus 
740 0 |a vLex Libros (Servicio en ln̕ea) 
856 4 0 |u https://app.vlex.com/#/sources/35636  |z Acceso restringido 
942 |c BOOK 
999 0 |a Criminal Law 
999 0 |a Criminal Procedure